इसे छोड़कर सामग्री पर बढ़ने के लिए

Производственно-техническая инфраструктура транспортного предприятия

Содержит методики для выполнения расчетно-графических и курсовых работ на темы «Проектирование производственно-технической инфраструктуры эксплуатационного автотранспортного предприятия» и «Организационно-технологическое развитие транспортного предприятия». Предназначено для студентов, обучающихся п...

पूर्ण विवरण

में बचाया:
ग्रंथसूची विवरण
मुख्य लेखक: Щелоков С. В.
अन्य लेखक: Ляшенко М. В.
स्वरूप: Книга
भाषा:Russian
प्रकाशित: Новосибирск СГУПС 2020
ऑनलाइन पहुंच:https://e.lanbook.com/book/164607
https://e.lanbook.com/img/cover/book/164607.jpg
टैग : टैग जोड़ें
कोई टैग नहीं, इस रिकॉर्ड को टैग करने वाले पहले व्यक्ति बनें!
LEADER 02474nam0a2200277 i 4500
001 164607
003 RuSpLAN
005 20221220174117.0
008 221220s2020 ru gs 000 0 rus
020 |a 978-5-00148-121-8 
040 |a RuSpLAN 
041 0 |a rus 
044 |a ru 
080 |a 629.113(075.9) 
084 |a 39.38я73  |2 rubbk 
245 0 0 |a Производственно-техническая инфраструктура транспортного предприятия  |c Щелоков С. В.,Ляшенко М. В. 
260 |a Новосибирск  |b СГУПС  |c 2020 
300 |a 83 с. 
504 |a Библиогр.: доступна в карточке книги, на сайте ЭБС Лань 
520 8 |a Содержит методики для выполнения расчетно-графических и курсовых работ на темы «Проектирование производственно-технической инфраструктуры эксплуатационного автотранспортного предприятия» и «Организационно-технологическое развитие транспортного предприятия». Предназначено для студентов, обучающихся по направлениям 23.03.03 и 23.04.03 «Эксплуатация транспортно-технологических машин и комплексов» (бакалавриат – профили «Автомобили и автомобильный сервис» и «Сервис транспортных и транспортно-технологических машин и оборудования»; магистратура – профиль «Сервис транспортно-технологических машин и оборудования»), рекомендовано для студентов, обучающихся по направлению подготовки 38.03.01 «Экономика», профиль «Предпринимательская деятельность» 
521 8 |a Книга из коллекции СГУПС - Инженерно-технические науки 
100 1 |a Щелоков С. В. 
700 1 |a Ляшенко М. В. 
856 4 |u https://e.lanbook.com/book/164607 
856 4 8 |u https://e.lanbook.com/img/cover/book/164607.jpg 
953 |a https://e.lanbook.com/img/cover/book/164607.jpg